World steel in the 1980s
Shranjeno v:
| Glavni avtor: | |
|---|---|
| Format: | Knjiga |
| Jezik: | Undetermined |
| Izdano: |
Toronto
Lexington
1983
|
| Teme: | |
| Oznake: |
Označite
Brez oznak, prvi označite!
|
| Thư viện lưu trữ: | Trung tâm Học liệu Trường Đại học Cần Thơ |
|---|
| LEADER | 00472nam a2200181Ia 4500 | ||
|---|---|---|---|
| 001 | CTU_99575 | ||
| 008 | 210402s9999 xx 000 0 und d | ||
| 082 | |a 338.47669 | ||
| 082 | |b H714 | ||
| 100 | |a Hogan, William T. | ||
| 245 | 0 | |a World steel in the 1980s | |
| 245 | 0 | |c William T. Hogan | |
| 260 | |a Toronto | ||
| 260 | |b Lexington | ||
| 260 | |c 1983 | ||
| 650 | |a Steel industry and trade | ||
| 904 | |i Truc | ||
| 980 | |a Trung tâm Học liệu Trường Đại học Cần Thơ | ||